[Event "Asia Eastern-ch U20"]
[Site "Gangneung"]
[Date "2018.08.07"]
[Round "8"]
[White "You, Jiho"]
[Black "Setyaki, Azarya Jodi"]
[Result "0-1"]
[WhiteElo "1525"]
[BlackElo "2350"]
[PlyCount "96"]
[EventDate "2018.08.02"]
[EventType "swiss"]
[EventRounds "9"]
[EventCountry "KOR"]
[SourceTitle "CBM 186 Extra"]
[Source "ChessBase"]
[SourceDate "2018.08.24"]
[SourceVersion "1"]
[SourceVersionDate "2018.08.24"]
[SourceQuality "1"]

1. e4 g6 2. d4 Bg7 3. Nf3 d6 4. Be2 Nd7 5. Be3 Ngf6 6. Nc3 a6 7. h3 0-0 8. Qd2 b5 9. a3 Bb7 10. d5 c6 11. dxc6 Bxc6 12. Bd3 Qc7 13. Bh6 Qb6 14. 0-0 Bxh6 15. Qxh6 a5 16. Ng5 b4 17. Nd5 Bxd5 18. exd5 Qd4 19. Rab1 Rab8 20. Rfd1 Qc5 21. Re1 Rfe8 22. h4 Qxf2+ 23. Kxf2 Ng4+ 24. Kg1 Nxh6 25. a4 Ne5 26. Bb5 Rec8 27. Re2 Nf5 28. Rf2 Nxh4 29. Rf4 Nf5 30. Rf2 Ne3 31. Bd3 Nxd5 32. Be4 Nf6 33. Re1 h6 34. Nf3 Nxe4 35. Rxe4 Nxf3+ 36. gxf3 e6 37. Rh2 Kg7 38. Reh4 h5 39. Rd4 d5 40. Rg2 b3 41. c3 Rxc3 42. bxc3 b2 43. Rxb2 Rxb2 44. Kf1 Rc2 45. Rd3 g5 46. Ke1 h4 47. Kd1 Ra2 48. Rd4 h3 0-1

[Event "Asia Eastern-ch U20"]
[Site "Gangneung"]
[Date "2018.08.05"]
[Round "4"]
[White "Tan, Soon Wei Dawson"]
[Black "You, Jiho"]
[Result "1-0"]
[WhiteElo "1895"]
[BlackElo "1525"]
[PlyCount "59"]
[EventDate "2018.08.02"]
[EventType "swiss"]
[EventRounds "9"]
[EventCountry "KOR"]
[SourceTitle "CBM 186 Extra"]
[Source "ChessBase"]
[SourceDate "2018.08.24"]
[SourceVersion "1"]
[SourceVersionDate "2018.08.24"]
[SourceQuality "1"]

1. e4 d5 2. exd5 Nf6 3. Nf3 Nxd5 4. d4 h6 5. c4 Nf6 6. Be2 Bf5 7. Qb3 Qc8 8. Nc3 e6 9. 0-0 Be7 10. Rd1 c6 11. Be3 0-0 12. Rac1 Rd8 13. d5 Na6 14. a3 Nc5 15. Qa2 b6 16. Nd4 exd5 17. cxd5 Nxd5 18. Nxd5 Rxd5 19. Bc4 Rd7 20. Bxf7+ Kf8 21. b4 Ne4 22. Bh5 Bg5 23. f4 Bd8 24. Rxc6 Qb7 25. b5 Bh7 26. a4 Rc8 27. Ne6+ Ke7 28. Qa3+ Nc5 29. Bxc5+ bxc5 30. Qxc5+ 1-0

[Event "Asia Eastern-ch U20"]
[Site "Gangneung"]
[Date "2018.08.02"]
[Round "1"]
[White "You, Jiho"]
[Black "Ahn, Hongjin"]
[Result "0-1"]
[WhiteElo "1525"]
[BlackElo "2126"]
[PlyCount "126"]
[EventDate "2018.08.02"]
[EventType "swiss"]
[EventRounds "9"]
[EventCountry "KOR"]
[SourceTitle "CBM 186 Extra"]
[Source "ChessBase"]
[SourceDate "2018.08.24"]
[SourceVersion "1"]
[SourceVersionDate "2018.08.24"]
[SourceQuality "1"]

1. e4 c5 2. Nf3 d6 3. Bb5+ Nd7 4. 0-0 a6 5. Be2 Ngf6 6. d3 g6 7. Bg5 Bg7 8. c3 b6 9. Nbd2 Bb7 10. Re1 Nf8 11. h3 Ne6 12. Be3 0-0 13. Nf1 Nd7 14. Qd2 Rc8 15. Bh6 d5 16. Bxg7 Kxg7 17. exd5 Bxd5 18. d4 b5 19. Ne3 Bb7 20. Ng4 Nf6 21. Nxf6 exf6 22. dxc5 Qxd2 23. Nxd2 Rxc5 24. Bf3 Bxf3 25. Nxf3 Rb8 26. Rad1 Rb7 27. Nd4 Nxd4 28. Rxd4 a5 29. Re2 h5 30. g4 hxg4 31. hxg4 f5 32. gxf5 Rxf5 33. Red2 b4 34. cxb4 axb4 35. Rd5 Kf6 36. Kf1 Rf4 37. R2d4 Rxd4 38. Rxd4 Ke5 39. Rc4 g5 40. Kg2 Rb6 41. Kg3 Rb5 42. Kg4 Kf6 43. b3 Kg6 44. Rc6+ f6 45. Ra6 Rd5 46. Rb6 Rd2 47. Kf3 Rxa2 48. Rxb4 Kh5 49. Rb5 Rc2 50. b4 Rc3+ 51. Kg2 Kg4 52. Rc5 Rb3 53. Rc4+ Kh5 54. f3 f5 55. Kf2 f4 56. Ke2 Kh4 57. Kd2 Rxf3 58. Rc3 Rxc3 59. Kxc3 f3 60. Kd2 Kg3 61. b5 f2 62. b6 f1Q 63. b7 Qb5 0-1